000 01325nam a2200253 i 4500
001 180302
003 ES-MaACL
005 20250806062553.0
008 120525s2010 sp |||| | spa d
080 _a821.134.2-09.07"18"
100 1 _aHuertas Vázquez, Eduardo
_964577
245 1 3 _aEl costumbrismo complaciente y el costumbrismo doliente :
_bLarra y Mesoreno Romanos = The indulgent "costumbrismo" and the bereaved "costumbrismo" (litterary genre dealing with local customs) : Larra and Mesonero Romanos /
_cpor Eduardo L. Huertas Vázquez.
246 3 1 _aThe indulgent "costumbrismo" and the bereaved "costumbrismo" (litterary genre dealing with local customs):
_bLarra and Mesonero Romanos
260 _aMadrid :
_bConsejo Superior de Investigaciones Científicas,
_c2010.
300 _aP. [375]-405 ;
_c24 cm.
504 _aReferencias bibliográficas.
595 _aSeparata de: Anales del Instituto de Estudios Madrileños, v. 50, 2010, p.[375]-405.
600 1 4 _aMesonero Romanos, Ramón de,
_d1803-1882-
_xCrítica e interpretación
_980674
600 1 7 _aLarra, Mariano José de,
_d1809-1837-
_xCrítica e interpretación
_2
_9140327
610 2 4 _aInstituto de Estudios Madrileños
_94916
650 4 _aCostumbrismo-
_zEspaña.
_9150124
852 _aES-MaACL
_j2297-F-39
999 _c180302
_d180302